| 000 | 00653nam a2200241Ia 4500 | ||
|---|---|---|---|
| 008 | 160319s9999 xx 000 0 und d | ||
| 020 | _a971-91307-9-2 | ||
| 050 | _aFIL HF 5415.12 | ||
| 050 | _b.P5G65 1992 | ||
| 100 | _aGo, Josiah. | ||
| 245 | _aContemporary marketing strategy in the Philippine setting / | ||
| 245 | _cJosiah Go. | ||
| 250 | _aUpdated Edition | ||
| 260 | _aManila: | ||
| 260 | _bPhilippine Marketing Association, | ||
| 260 | _c1992 | ||
| 300 | _a197 pages : | ||
| 300 | _billustrations ; | ||
| 300 | _c22 cm. | ||
| 500 | _aIncludes index. | ||
| 650 | _aMarketing -- Management. | ||
| 650 | _xMarketing -- Strategy. | ||
| 999 |
_c291674 _d291674 |
||